Tratado del derecho mercantil de España
Gardado en:
| Formato: | Libro |
|---|---|
| Idioma: | Lingua castelá |
| Publicado: |
Barcelona
Benito Espona
1840
|
| Subjects: | |
| Tags: |
Engadir etiqueta
Sen Etiquetas, Sexa o primeiro en etiquetar este rexistro!
|
MARC
| LEADER | 00000nam a2200000 a 4500 | ||
|---|---|---|---|
| 001 | UCR1938 | ||
| 003 | CL-VaPUC | ||
| 008 | 980107e18400000SP |||||||||||||||||spa|d | ||
| 082 | 0 | 4 | |a 346.07 |b TRA |2 21 |
| 245 | 1 | 0 | |a Tratado del derecho mercantil de España |
| 300 | |a v | ||
| 942 | |c BK | ||
| 945 | |d 19980107 00:00:00 |a cmena | ||
| 260 | |a Barcelona |b Benito Espona |c 1840 | ||
| 650 | 0 | |a Derecho comercial |9 256340 | |
| 650 | 0 | |a Sociedades anónimas |9 255387 | |
| 650 | 7 | |a RESPONSABILIDAD LIMITADA |2 CL-VaPUC |9 257248 | |
| 650 | 0 | |a Contratos |9 255153 | |
| 650 | 0 | |a Obligaciones |9 255578 | |
| 650 | 0 | |a Derecho marítimo |9 255301 | |
| 651 | 0 | |a España |9 254926 | |
| 583 | |a last modification |c 19980107 00:00:00 |k Rodrigo Vera | ||
| 999 | |c 265255 |d 265253 | ||
| 952 | |0 0 |1 0 |4 0 |6 346_070000000000000_TRA_1840 |7 0 |8 X |9 296108 |a BIBDER |b BIBDER |d 2019-11-20 |h v.1 |i 1960296 |o 346.07 TRA 1840 |p 1960296 |r 2023-01-25 |w 2019-11-20 |y BK_X |k DER | ||
| 952 | |0 0 |1 0 |4 0 |6 346_070000000000000_TRA_1840 |7 0 |8 X |9 296109 |a BIBDER |b BIBDER |d 2019-11-20 |h v.2 |i 1923331 |o 346.07 TRA 1840 |p 1923331 |r 2023-01-25 |w 2019-11-20 |y BK_X |k DER | ||